Informe sintético que rinde el C. Secretario de Educación Pública al C. Presidente de la república sobre las labores comprendidas del 1o. de Septiembre de 1957 al 31 de Agosto de 1958.
Guardado en:
| Autor corporativo: | |
|---|---|
| Formato: | Libro |
| Idioma: | Español |
| Temas: | |
| Etiquetas: |
Sin etiquetas, Sé el primero en etiquetar este registro!
|
MARC
| LEADER | 00000nam^a2200000^u^4500 | ||
|---|---|---|---|
| 001 | 000505628 | ||
| 005 | 20250521000000.0 | ||
| 008 | 081209s1000^^^^^^^^^^^^r^^^^^000^0^spa^d | ||
| 009 | 20260310125939.921 | ||
| 035 | |a FCE 000049833 | ||
| 037 | |a Acervo ITESO - Biblioteca | ||
| 041 | |a spa | ||
| 082 | 0 | 4 | |a 379.15 |b SEPi 1958 |
| 110 | |a México. Secretaría de Educación Pública | ||
| 245 | 1 | 0 | |a Informe sintético que rinde el C. Secretario de Educación Pública al C. Presidente de la república sobre las labores comprendidas del 1o. de Septiembre de 1957 al 31 de Agosto de 1958. |
| 264 | |a México: |b SEP, |c 1958. | ||
| 300 | |a 128 p. | ||
| 336 | |a texto |b txt |2 rdacontenido | ||
| 337 | |a sin mediación |b n |2 rdamedio | ||
| 338 | |a volumen |b nc |2 rdasoporte | ||
| 649 | |a XX | ||
| 650 | |a Estadísticas educativas | ||
| 650 | |a Alfabetización | ||
| 650 | |a Bibliotecas | ||
| 650 | |a Educación pública | ||
| 650 | |a Informe | ||
| 650 | |a Higiene escolar | ||
| 650 | |a Rendición de cuentas | ||
| 650 | |a Presupuesto educativo | ||
| 910 | |a Fondo Centro de Estudios Educativos | ||
| 920 | |a Impresos - Libros | ||
| 930 | |a Fondos Especiales | ||
| 905 | |a 133 | ||
| 901 | |a ALE029328 |b IT2 |c CEE |u 20250521 | ||
| 901 | |a ALE068540 |b IT2 |c CEE |u 20250521 | ||
| 902 | |a https://opac.biblio.iteso.mx/vufind/Record/000505628 | ||